Le maitre de la lengue allemande ou Nouvelle grammaire allemande méthodique et raisonnée (Record no. 154687)

MARC details
000 -LEADER
campo de control de longitud fija 00892nam a2200205 i 4500
001 - NÚMERO DE CONTROL
campo de control 154687
003 - IDENTIFICADOR DE NÚMERO DE CONTROL
campo de control ES-MaACL
005 - FECHA Y HORA DE LA ÚLTIMA TRANSACCIÓN
campo de control 20230906205822.0
008 - DATOS DE LONGITUD FIJA--INFORMACIÓN GENERAL
campo de control de longitud fija 021001s1771 sz |||| | fre d
040 ## - FUENTE DE CATALOGACIÓN
Centro catalogador/agencia de origen CCPB | B
Lengua de catalogación spa
Centro/agencia transcriptor CCPB | B
100 1# - ENTRADA PRINCIPAL--NOMBRE DE PERSONA
Nombre de persona Gottsched, Johann Christoph.
9 (RLIN) 127494
245 13 - MENCIÓN DEL TÍTULO
Título Le maitre de la lengue allemande ou Nouvelle grammaire allemande méthodique et raisonnée
Resto del título : composé sur le modêle des meilleurs auteurs de nos jours & principalement sur celui /
Mención de responsabilidad, etc. de Gottsched.
250 ## - MENCION DE EDICION
Mención de edición Sixième édition.
260 ## - PUBLICACIÓN, DISTRIBUCIÓN, ETC.
Lugar de publicación, distribución, etc. A Lausanne :
Nombre del editor, distribuidor, etc. chés Jean Pierre Heubach & comp.,
Fecha de publicación, distribución, etc. 1771.
300 ## - DESCRIPCIÓN FÍSICA
Extensión XVI, 576 p., [1] h. pleg. ;
Dimensiones 8º.
597 ## - NOTA DE DESCRIPCIÓN FÍSICA
NOTA DE DESCRIPCIÓN FÍSICA Sign.: )(\p8\s, A-2N\p8\s.
650 #4 - PUNTO DE ACCESO ADICIONAL DE MATERIA--TÉRMINO DE MATERIA
Término de materia o nombre geográfico como elemento de entrada Lengua alemana-
Subdivisión general Gramática.
9 (RLIN) 14085
740 02 - ENTRADA AGREGADA--TÍTULO RELACIONADO/ANALÍTICO NO CONTROLADO
Título relacionado o analítico no controlado Nouvelle grammaire allemande méthodique et raisonée.
852 ## - LOCALIZACIÓN
Ubicación ES-MaACL
Número de control de estantería R-442
Nota libre -- Enc. pasta española
Encuadernación Olim: D-2168
Holdings
Estatus retirado Estado de pérdida Estado de daño No para préstamo Colección Biblioteca de origen Biblioteca actual Ubicación en estantería Fecha de adquisición Fuente de adquisición Total de préstamos Signatura topográfica completa Código de barras Visto por última vez Precio de reemplazo Tipo de ítem Koha
        Libros del s. XVIII Biblioteca del Ateneo de Madrid Biblioteca del Ateneo de Madrid Depósito 17/01/2008     R-442 1161791 23/02/2023 23/02/2023 Libro impreso antiguo